| 000 | 00593nam a2200193Ia 4500 | ||
|---|---|---|---|
| 005 | 20250508163457.0 | ||
| 008 | 008 250505s9999 xx 000 0 eng d | ||
| 037 | _aDissertations | ||
| 040 |
_aFEDL _beng _cFEDL |
||
| 041 |
_aeng _2eng |
||
| 084 |
_a377.93, SAN/DI _qFEDL |
||
| 100 |
_aSanthi Devi R R _9775418 |
||
| 245 | 0 | _aStudy of the concept of a university as reflected by the Buddhist monasteries of India | |
| 260 | _c1992 | ||
| 300 | _a479p. | ||
| 546 | _aM.Phil Dissertation, (Delhi University) | ||
| 942 |
_cDIS _h377.93, SAN/DI |
||
| 999 |
_c1383550 _d1383550 |
||